Nursing in today's world: challenges, issues, and trends. / (Record no. 9251)
[ view plain ]
| 000 -LEADER | |
|---|---|
| fixed length control field | 02139pam a2200409 a 4500 |
| 001 - CONTROL NUMBER | |
| control field | 3543177 |
| 003 - CONTROL NUMBER IDENTIFIER | |
| control field | OSt |
| 005 - DATE AND TIME OF LATEST TRANSACTION | |
| control field | 20221004151823.0 |
| 008 - FIXED-LENGTH DATA ELEMENTS--GENERAL INFORMATION | |
| fixed length control field | 970521s1998 paua b 001 0 eng c |
| 010 ## - LIBRARY OF CONGRESS CONTROL NUMBER | |
| LC control number | 97022036 |
| 020 ## - INTERNATIONAL STANDARD BOOK NUMBER | |
| International Standard Book Number | 0397554281 (pbk. : alk. paper) |
| 040 ## - CATALOGING SOURCE | |
| Original cataloging agency | DNLM/DLC |
| Transcribing agency | LC |
| Modifying agency | DLC |
| 043 ## - GEOGRAPHIC AREA CODE | |
| Geographic area code | n-us--- |
| 050 00 - LIBRARY OF CONGRESS CALL NUMBER | |
| Classification number | RT82.E45 |
| 060 10 - NATIONAL LIBRARY OF MEDICINE CALL NUMBER | |
| Classification number | WY 16 E47n 1997 |
| 082 00 - DEWEY DECIMAL CLASSIFICATION NUMBER | |
| Classification number | 610.73 |
| Edition number | 21 |
| 100 1# - MAIN ENTRY--PERSONAL NAME | |
| Personal name | Ellis, Janice Rider. |
| 9 (RLIN) | 515 |
| 245 10 - TITLE STATEMENT | |
| Title | Nursing in today's world: challenges, issues, and trends. / |
| Statement of responsibility, etc. | Janice Rider Ellis, Celia Love Hartley. |
| 250 ## - EDITION STATEMENT | |
| Edition statement | 6th ed. |
| 260 ## - PUBLICATION, DISTRIBUTION, ETC. | |
| Place of publication, distribution, etc. | Philadelphia: |
| Name of publisher, distributor, etc. | Lippincott, |
| Date of publication, distribution, etc. | 1998. |
| 300 ## - PHYSICAL DESCRIPTION | |
| Extent | xii, 508 p. : |
| Other physical details | ill. ; |
| Dimensions | 23 cm. |
| 504 ## - BIBLIOGRAPHY, ETC. NOTE | |
| Bibliography, etc. note | Includes bibliographical references and index. |
| 505 ## - FORMATTED CONTENTS NOTE | |
| Formatted contents note | Contents: Economic and political aspects of health care delivery: Understanding the health care environment -- Health care finance and control -- The political process and the nursing profession -- Understanding the development of nursing as a profession: Exploring nursing's origins -- Nursing as a developing profession -- Educational preparation for nursing -- Legal and ethical accountability for practice: Credentials for health care providers -- Legal responsibilities for practice -- Ethical concerns in nursing practice -- Bioethical issues in health care -- Career opportunities and professional growth: Beginning your career as a nurse -- Preparing for workplace participation -- |
| 650 #0 - SUBJECT ADDED ENTRY--TOPICAL TERM | |
| Topical term or geographic name entry element | Nursing. |
| 9 (RLIN) | 102 |
| 650 #0 - SUBJECT ADDED ENTRY--TOPICAL TERM | |
| Topical term or geographic name entry element | Nursing |
| General subdivision | Practice. |
| 9 (RLIN) | 516 |
| 650 #0 - SUBJECT ADDED ENTRY--TOPICAL TERM | |
| Topical term or geographic name entry element | Nursing |
| Geographic subdivision | United States. |
| 9 (RLIN) | 517 |
| 650 12 - SUBJECT ADDED ENTRY--TOPICAL TERM | |
| Topical term or geographic name entry element | Nursing |
| Geographic subdivision | United States. |
| 9 (RLIN) | 517 |
| 650 22 - SUBJECT ADDED ENTRY--TOPICAL TERM | |
| Topical term or geographic name entry element | Education, Nursing |
| General subdivision | trends |
| Geographic subdivision | United States. |
| 9 (RLIN) | 518 |
| 650 22 - SUBJECT ADDED ENTRY--TOPICAL TERM | |
| Topical term or geographic name entry element | Legislation, Nursing |
| Geographic subdivision | United States. |
| 9 (RLIN) | 519 |
| 650 22 - SUBJECT ADDED ENTRY--TOPICAL TERM | |
| Topical term or geographic name entry element | Ethics, Nursing |
| Geographic subdivision | United States. |
| 9 (RLIN) | 520 |
| 650 22 - SUBJECT ADDED ENTRY--TOPICAL TERM | |
| Topical term or geographic name entry element | Delivery of Health Care |
| Geographic subdivision | United States. |
| 9 (RLIN) | 521 |
| 650 22 - SUBJECT ADDED ENTRY--TOPICAL TERM | |
| Topical term or geographic name entry element | Collective Bargaining. |
| 9 (RLIN) | 522 |
| 700 1# - ADDED ENTRY--PERSONAL NAME | |
| Personal name | Hartley, Celia Love. |
| 9 (RLIN) | 523 |
| 906 ## - LOCAL DATA ELEMENT F, LDF (RLIN) | |
| a | 7 |
| b | cbc |
| c | orignew |
| d | 1 |
| e | ocip |
| f | 19 |
| g | y-gencatlg |
| 942 ## - ADDED ENTRY ELEMENTS (KOHA) | |
| Source of classification or shelving scheme | Library of Congress Classification |
| Koha item type | Books |
| Withdrawn status | Lost status | Source of classification or shelving scheme | Damaged status | Not for loan | Home library | Current library | Shelving location | Date acquired | Total Checkouts | Full call number | Barcode | Date last seen | Price effective from | Koha item type |
|---|---|---|---|---|---|---|---|---|---|---|---|---|---|---|
| Library of Congress Classification | WISCONSIN INTERNATIONAL UNIVERSITY COLLEGE, GHANA KUMASI LIBRARY | WISCONSIN INTERNATIONAL UNIVERSITY COLLEGE, GHANA KUMASI LIBRARY | nursing | 02/12/2019 | RT82.E45(6e) | KSN/958/958/19 | 04/10/2022 | 04/10/2022 | Books |
